| 000 | 00744nam a22001575i 4500 | ||
|---|---|---|---|
| 001 | 164418 | ||
| 003 | ES-MaACL | ||
| 005 | 20230906212931.0 | ||
| 008 | 050824s1855 sp |||| ||spa d | ||
| 100 | 1 |
_aSalazar Real Rodriguez, Patricio de. _9132321 |
|
| 245 | 1 | 0 |
_aPrograma de historia natural médica / _cpor Patricio de Salazar Real Rodríguez. |
| 260 |
_aMadrid : _b[s.n.], _c1855 ( _fImp. de la Compañía de Impresores y Libreros del Reino, a cargo de A. Avrial) |
||
| 300 |
_a48 p. ; _c18 cm. |
||
| 650 | 4 |
_aCiencias naturales- _vProgramas de estudio. _9149630 |
|
| 852 |
_aES-MaACL _jT-398-F-8 _z- Enc. hol., falto de la enc. original _z. - Sello de "Los Escolares Médicos" _z. - Donativo del Sr. Castellanos _z- Enc. en un vol. facticio |
||
| 999 |
_c164418 _d164418 |
||